The riddle of the seventh stone / (Record no. 43820)

MARC details
000 -LEADER
fixed length control field 00783nam a22002297a 4500
005 - DATE AND TIME OF LATEST TRANSACTION
control field 20100904152348.0
008 - FIXED-LENGTH DATA ELEMENTS--GENERAL INFORMATION
fixed length control field 100904t xxu||||| |||| 00| 0 eng d
010 ## - LCCN (DPL NO)
LC control number ENG-101418
020 ## - INTERNATIONAL STANDARD BOOK NUMBER
International Standard Book Number 9788189884802
Terms of availability 195.00
035 ## - SYSTEM CONTROL NUMBER
System control number EN-84951
037 ## - SOURCE OF ACQUISITION
Source of stock number/acquisition DBAD / PUB
040 ## - CATALOGING SOURCE
Original cataloging agency dpl
Language of cataloging Eng
082 ## - DEWEY DECIMAL CLASSIFICATION NUMBER
Classification number S
100 ## - MAIN ENTRY--PERSONAL NAME
Personal name Sahu,Monideepa
9 (RLIN) 18413
245 ## - TITLE STATEMENT
Title The riddle of the seventh stone /
Statement of responsibility, etc by Monideepa Sahu ; illustrated by Pooja Pottenkulam
260 ## - PUBLICATION, DISTRIBUTION, ETC. (IMPRINT)
Place of publication, distribution, etc New Delhi
Name of publisher, distributor, etc Zubaan
Date of publication, distribution, etc 2010
270 ## - ADDRESS
Address 128B Shahpur Jat 1st floor
City New Delhi
Postal code 110 049
300 ## - PHYSICAL DESCRIPTION
Extent 177p.
Dimensions 20cm (pbk)
700 ## - ADDED ENTRY--PERSONAL NAME
Personal name Pottenkulam,Pooja
9 (RLIN) 18414
942 ## - ADDED ENTRY ELEMENTS (KOHA)
Institution code [OBSOLETE] dpl
Item type English Books
Source of classification or shelving scheme Dewey Decimal Classification
Classification part S
Call number suffix SAH
Holdings
Withdrawn status Lost status Source of classification or shelving scheme Damaged status Not for loan Collection code Home library Current library Date acquired Source of acquisition Cost, normal purchase price Total Checkouts Full call number Barcode Date last seen Copy number Cost, replacement price Koha item type
    Dewey Decimal Classification   Not For Loan Fiction D.B.Act.Division D.B.Act.Division 04/09/2010 DBAD/PUB 195.00   S SAH EN-84951 04/09/2010 1 195.00 English Books

© Delhi Public Library
Hit Counter
free hit counter